[Event "Happy Oktoberfest"]
[Site "SchemingMind.com"]
[Date "2019.11.26"]
[Round "-"]
[White "MichaelG"]
[Black "JimM"]
[Result "0-1"]
[WhiteCountry "GER"]
[BlackCountry "USA"]
[WhiteElo "1882"]
[WhiteRD "80"]
[BlackElo "1750"]
[BlackRD "80"]
[GameID "448564"]

1. d4 d5 2. Nf3 c5 3. c4 e6 4. cxd5 exd5 5. g3 Nc6 6. Bg2 Nf6 7. O-O Be7 8. dxc5 Bxc5 9. a3 O-O 10. b4 Bb6
11. Nc3 Be6 12. Bb2 Ne4 13. Nb5 Nxf2 14. Rxf2 Bxf2+ 15. Kxf2 Qb6+ 16. Nbd4 f6 17. Kf1 Bf7 18. Nxc6 bxc6 19. Rc1 a5 20. Bd4 Qb7
21. Bc5 Rfe8 22. Nd4 axb4 23. Bxb4 Re3 24. Nxc6 Rae8 25. Nd4 Qa6 26. Rc6 Qb7 27. Bf3 h6 28. Qc2 R3e5 29. Rc7 Qb6 30. Qc5 Qxc5
31. Rxc5 h5 32. Nb5 Rd8 33. Na7 Rd7 34. Nc6 Re8 35. Nd4 g5 36. Nf5 Kh7 37. Bc3 Kg6 38. Nd4 g4 39. Bg2 Ra8 40. Bb4 Rh8
41. Rc6 h4 42. Rd6 Rxd6 43. Bxd6 h3 44. Bh1 Rc8 45. Nb3 Rc3 46. e4 Rxb3 47. exd5 Rb1+
0-1

[Event "Happy Oktoberfest"]
[Site "SchemingMind.com"]
[Date "2019.12.01"]
[Round "-"]
[White "MichaelG"]
[Black "DANDYLIONHONEYBADGER"]
[Result "1-0"]
[WhiteCountry "GER"]
[BlackCountry "USA"]
[WhiteElo "1884"]
[WhiteRD "86"]
[BlackElo "1371"]
[BlackRD "76"]
[GameID "448566"]

1. d4 Nf6 2. Nf3 d5 3. g3 Nc6 4. Bg2 h6 5. O-O e6 6. b3 Be7 7. Bb2 Ne4 8. Nfd2 Nxd2 9. Nxd2 O-O 10. c4 Nb4
11. a3 Nc6 12. b4 a5 13. b5 Na7 14. a4 c6 15. Qb3 c5 16. dxc5 Bxc5 17. cxd5 b6 18. Rad1 exd5 19. Ne4 Be6 20. Nxc5 bxc5
21. Bxd5 Bxd5 22. Rxd5 Qe7 23. Qc3 f6 24. Qc4 Qf7 25. Rxc5 Rac8 26. Qxf7+ Rxf7 27. Rfc1 Rxc5 28. Rxc5 Kh7 29. Bc3 Rf8 30. Bxa5 Nc8
31. Bc7 Ne7 32. b6 Ng6 33. b7 Re8 34. e3 Ne5 35. Bxe5 fxe5 36. Rc8
1-0

[Event "Happy Oktoberfest"]
[Site "SchemingMind.com"]
[Date "2019.11.26"]
[Round "-"]
[White "Mihir Chandrashekhar"]
[Black "MichaelG"]
[Result "1/2-1/2"]
[WhiteCountry "IND"]
[BlackCountry "GER"]
[WhiteElo "1822"]
[WhiteRD "65"]
[BlackElo "1927"]
[BlackRD "84"]
[GameID "448567"]

1. Nf3 d5 2. d4 Nf6 3. g3 e6 4. Bg2 Be7 5. Nbd2 O-O 6. c3 Nbd7 7. O-O c5 8. dxc5 Nxc5 9. c4 b6 10. cxd5 Nxd5
11. Nb3 Bb7 12. Nxc5 Bxc5 13. a3 Be7 14. e4 Nf6 15. e5 Nd5 16. Qb3 Qc7 17. Bd2 Rac8 18. Rac1 Qb8 19. Rxc8 Rxc8 20. Rc1 h6
21. Rxc8+ Qxc8 22. Nd4 a6 23. Bxd5 Bxd5 24. Qc3 Qxc3 25. Bxc3 Kf8 26. a4 a5 27. Kf1 f6 28. f4 fxe5 29. fxe5 Kf7 30. Ke2 h5
31. Kd3 Kg6 32. Bd2 Bg5 33. h4 Be7 34. Be3 Bc5 35. Bg5 Kf7 36. Bd8 Ke8 37. Bg5 Kd7 38. Be3 Bxd4=
1/2-1/2

[Event "Happy Oktoberfest"]
[Site "SchemingMind.com"]
[Date "2019.12.01"]
[Round "-"]
[White "Arnold Jones"]
[Black "MichaelG"]
[Result "0-1"]
[WhiteCountry "ENG"]
[BlackCountry "GER"]
[WhiteElo "1606"]
[WhiteRD "70"]
[BlackElo "1882"]
[BlackRD "80"]
[GameID "448568"]

1. d4 d5 2. Nf3 Nf6 3. e3 e6 4. c4 a6 5. Nc3 dxc4 6. Bxc4 b5 7. Bd3 Bb7 8. e4 Nbd7 9. Bg5 Be7 10. Bxf6 Nxf6
11. Ne5 c5 12. Nxf7 Kxf7 13. e5 Qxd4 14. exf6 Bxf6 15. O-O Rad8 16. Qh5+ g6 17. Qd1 Qxd3 18. Qxd3 Rxd3 19. Nd1 Rd2 20. Rb1 Rhd8
21. a3 c4 22. Nc3 Bxc3 23. bxc3 Be4 24. Ra1 Rc2 25. Rfe1 Bf5 26. Re3 Rd3 27. a4 Rdxc3 28. axb5 Rc1+ 29. Re1 Rxe1+ 30. Rxe1 axb5
31. h3 b4 32. Re5 b3 33. g4 Bd3 34. Kh2 b2
0-1

[Event "Happy Oktoberfest"]
[Site "SchemingMind.com"]
[Date "2019.11.28"]
[Round "-"]
[White "The Stonewall"]
[Black "grabapawn"]
[Result "1-0"]
[WhiteCountry "ENG"]
[BlackCountry "USA"]
[WhiteElo "2368"]
[WhiteRD "77"]
[BlackElo "1485"]
[BlackRD "62"]
[GameID "448569"]

1. Nf3 d6 2. d4 Nf6 3. c4 Nbd7 4. Nc3 e5 5. Bg5 Be7 6. e3 c6 7. Qc2 Qc7 8. O-O-O O-O 9. Bd3 b5 10. cxb5 cxb5
11. dxe5 dxe5 12. Nxb5 Qa5 13. Nc3 Bb4 14. Bc4 Nb6 15. Bxf6 gxf6 16. Nd5 Nxc4 17. Nxf6+ Kg7 18. Qxh7+ Kxf6 19. Qh4+ Ke6 20. Qxc4+ Ke7
21. Rd5 Qb6 22. Rb5 Ba6 23. Qxb4+
1-0

[Event "Happy Oktoberfest"]
[Site "SchemingMind.com"]
[Date "2019.11.27"]
[Round "-"]
[White "The Stonewall"]
[Black "Geoffrey Rosser"]
[Result "1-0"]
[WhiteCountry "ENG"]
[BlackCountry "ENG"]
[WhiteElo "2368"]
[WhiteRD "77"]
[BlackElo "2007"]
[BlackRD "60"]
[GameID "448570"]

1. e4 e5 2. Nc3 Nf6 3. Bc4 Nc6 4. d3 Bb4 5. Ne2 d5 6. exd5 Nxd5 7. O-O Bxc3 8. Nxc3 Nb6 9. Bb5 Bd7 10. Qh5 O-O
11. Bxc6 Bxc6 12. Qxe5 Re8 13. Qg3 Re6 14. f3 Rg6 15. Qf2 Bd7 16. Bf4 h5 17. Rae1 Bh3 18. Bg3 Be6 19. Re5 f5 20. Rfe1 Qd7
21. b3 Rf8 22. Ne2 Nd5 23. Nd4 f4 24. Nxe6 fxg3 25. hxg3 Rff6 26. Nc5 Qc6 27. Re8+ Kh7 28. c4 Nc3 29. R1e5 b6 30. d4 Nd1
31. Rxh5+ Rh6 32. Qc2+ Rg6 33. Rxh6+ gxh6 34. Re6
1-0

[Event "Happy Oktoberfest"]
[Site "SchemingMind.com"]
[Date "2019.11.26"]
[Round "-"]
[White "abuteague"]
[Black "The Stonewall"]
[Result "0-1"]
[WhiteCountry "USA"]
[BlackCountry "ENG"]
[WhiteElo "1768"]
[WhiteRD "79"]
[BlackElo "2368"]
[BlackRD "77"]
[GameID "448571"]

1. d4 d5 2. c4 e6 3. Nf3 c6 4. Bf4 dxc4 5. a4 b5 6. axb5 cxb5 7. e3 Bb4+ 8. Nbd2 Bb7 9. Be2 Nf6 10. O-O O-O
11. h3 Qb6 12. Ne1 Nd5 13. Bg3 c3 14. Nb3 cxb2 15. Rb1 Nc3 16. Qc2 Nxb1 17. Qxb1 Ba3 18. Nc2 Be4 19. f3 Bxc2 20. Qxc2 Nd7
0-1

[Event "Happy Oktoberfest"]
[Site "SchemingMind.com"]
[Date "2019.11.26"]
[Round "-"]
[White "kenneth m day"]
[Black "The Stonewall"]
[Result "0-1"]
[WhiteCountry "USA"]
[BlackCountry "ENG"]
[WhiteElo "1745"]
[WhiteRD "53"]
[BlackElo "2386"]
[BlackRD "79"]
[GameID "448572"]

1. e4 Nf6 2. e5 Nd5 3. d4 d6 4. Nf3 g6 5. Bc4 Nb6 6. Bb3 Bg7 7. Qe2 O-O 8. Nc3 Bg4 9. h3 Bxf3 10. Qxf3 Nc6
11. Be3 dxe5 12. O-O-O exd4 13. Bf4 Na5 14. Na4 Qd7 15. Nc5 Nxb3+ 16. Nxb3 e5 17. Bg3 a5 18. Qxb7 Rfb8 19. Qe4 a4 20. Nc5 Qb5
21. Nd3 Nc4 22. a3 Bh6+ 23. f4 f5 24. Qe2 Nxb2 25. Kd2 Qa5+ 26. Kc1 Qc3 27. Qd2 Qxa3
0-1

[Event "Happy Oktoberfest"]
[Site "SchemingMind.com"]
[Date "2019.11.28"]
[Round "-"]
[White "The Stonewall"]
[Black "JimM"]
[Result "1-0"]
[WhiteCountry "ENG"]
[BlackCountry "USA"]
[WhiteElo "2386"]
[WhiteRD "79"]
[BlackElo "1749"]
[BlackRD "81"]
[GameID "448573"]

1. e4 e5 2. Nf3 Nc6 3. Bc4 Nf6 4. d4 exd4 5. O-O Bc5 6. e5 Ng4 7. Bf4 d5 8. exd6 Bxd6 9. Re1+ Be7 10. h3 Nf6
11. Bb5 O-O 12. Bxc6 bxc6 13. Nxd4 Bb7 14. Nc3 Bd6 15. Bg5 h6 16. Bh4 a6 17. Nf5 Bb4 18. Qf3 Bd6 19. Nxh6+ gxh6 20. Bxf6 Qc8
21. Re4 Kh7 22. Rh4 Rg8 23. Qe4+ Rg6 24. Rxh6+
1-0

[Event "Happy Oktoberfest"]
[Site "SchemingMind.com"]
[Date "2019.12.01"]
[Round "-"]
[White "The Stonewall"]
[Black "DANDYLIONHONEYBADGER"]
[Result "1-0"]
[WhiteCountry "ENG"]
[BlackCountry "USA"]
[WhiteElo "2384"]
[WhiteRD "83"]
[BlackElo "1413"]
[BlackRD "79"]
[GameID "448574"]

1. e4 Nc6 2. Nf3 e5 3. Bc4 Nh6 4. c3 d6 5. d4 exd4 6. cxd4 Na5 7. Qa4+ Nc6 8. d5 Bd7 9. dxc6 Bxc6 10. Qb3 a6
11. Bxh6 gxh6 12. Bxf7+
1-0

[Event "Happy Oktoberfest"]
[Site "SchemingMind.com"]
[Date "2019.11.28"]
[Round "-"]
[White "Arnold Jones"]
[Black "The Stonewall"]
[Result "0-1"]
[WhiteCountry "ENG"]
[BlackCountry "ENG"]
[WhiteElo "1584"]
[WhiteRD "66"]
[BlackElo "2386"]
[BlackRD "79"]
[GameID "448575"]

1. d4 f5 2. e3 Nf6 3. Bd3 g6 4. c4 Bg7 5. b4 d6 6. Bb2 O-O 7. Nc3 Nbd7 8. Nf3 e5 9. dxe5 dxe5 10. Ng5 Qe7
11. a3 e4 12. Be2 c6 13. c5 Ne5 14. Qb3+ Kh8 15. Qc2 Nfg4 16. Nh3 Qh4 17. Nd1 g5 18. Bc1 Nd3+ 19. Bxd3 exd3 20. Qd2 Bxa1
21. Bb2+ Bxb2 22. Qxb2+ Kg8 23. Qb3+ Rf7 24. Qxd3 Be6 25. Nxg5 Qxg5 26. h4 Qh6 27. f3 Rd7 28. Qe2 Rad8 29. f4 Rxd1+ 30. Qxd1 Rxd1+
31. Kxd1 Bb3+
0-1

[Event "Happy Oktoberfest"]
[Site "SchemingMind.com"]
[Date "2019.11.27"]
[Round "-"]
[White "The Stonewall"]
[Black "GBEDARD"]
[Result "1-0"]
[WhiteCountry "ENG"]
[BlackCountry "USA"]
[WhiteElo "2386"]
[WhiteRD "79"]
[BlackElo "1789"]
[BlackRD "90"]
[GameID "448576"]

1. c4 e5 2. Nc3 Nf6 3. Nf3 Nc6 4. e3 Bb4 5. Qc2 d6 6. Nd5 Ba5 7. Be2 Nxd5 8. cxd5 Ne7 9. Qa4+ c6 10. dxc6 Nxc6
11. b4 Bb6 12. O-O Rg8 13. d4 e4 14. d5
1-0

[Event "Happy Oktoberfest"]
[Site "SchemingMind.com"]
[Date "2019.11.27"]
[Round "-"]
[White "Phillip Beckett"]
[Black "The Stonewall"]
[Result "0-1"]
[WhiteCountry "ENG"]
[BlackCountry "ENG"]
[WhiteElo "1515"]
[WhiteRD "52"]
[BlackElo "2368"]
[BlackRD "77"]
[GameID "448577"]

1. e4 d5 2. exd5 Qxd5 3. Nc3 Qd6 4. Nf3 Nf6 5. Be2 a6 6. O-O Nc6 7. d4 Bf5 8. Re1 O-O-O 9. Bd3 Bxd3 10. Qxd3 Nxd4
11. Nxd4 Qxd4 12. Qxd4 Rxd4 13. Be3 Rd7 14. Rad1 e6 15. Rxd7 Nxd7 16. Rd1 Bb4 17. Ne4 Be7 18. Ng5 Ne5 19. Ne4 Nc4 20. b3 Nxe3
21. fxe3 Rd8 22. Rxd8+ Kxd8 23. Nd2 Kd7 24. Ne4 Kc6 25. c4 f5 26. Nf2 Bg5 27. Nd1 Kc5 28. Kf2 Kb4 29. Kf3 Ka3 30. Nc3 Bf6
0-1

[Event "Happy Oktoberfest"]
[Site "SchemingMind.com"]
[Date "2019.11.27"]
[Round "-"]
[White "MichaelG"]
[Black "The Stonewall"]
[Result "0-1"]
[WhiteCountry "GER"]
[BlackCountry "ENG"]
[WhiteElo "1894"]
[WhiteRD "86"]
[BlackElo "2386"]
[BlackRD "79"]
[GameID "448578"]

1. d4 e6 2. Nf3 c5 3. g3 cxd4 4. Nxd4 Nc6 5. Bg2 Qb6 6. e3 Nf6 7. O-O Be7 8. c4 O-O 9. Nc3 Rd8 10. b3 d5
11. cxd5 Nxd4 12. Na4 Qa5 13. Qxd4 Nxd5 14. Qd2 Nb4 15. Qe2 Bd7 16. Bb2 Bb5 17. Qg4 g6 18. Rfd1 Nd3 19. Bc3 Qc7 20. Bf1 Nxf2
21. Kxf2 Bxa4 22. Qxa4 Qxc3 23. Qe4 Rac8 24. Qxb7 Rd2+ 25. Kg1 Qxe3+ 26. Kh1 Rxh2+
0-1

[Event "Happy Oktoberfest"]
[Site "SchemingMind.com"]
[Date "2019.11.30"]
[Round "-"]
[White "krzysztof"]
[Black "The Stonewall"]
[Result "0-1"]
[WhiteCountry "POL"]
[BlackCountry "ENG"]
[WhiteElo "1624"]
[WhiteRD "79"]
[BlackElo "2368"]
[BlackRD "77"]
[GameID "448579"]

1. e4 d5 2. e5 c5 3. c3 Nc6 4. d4 cxd4 5. cxd4 Bf5 6. Bb5 Bxb1 7. Rxb1 Qa5+ 8. b4 Qxb5 9. Ne2 e6 10. O-O Nge7
11. a4 Qb6 12. a5 Qb5 13. Qd2 Nf5 14. g4 Nh4 15. f3 Bxb4 16. Nc3 Qxa5 17. Bb2 Nxd4 18. Kh1 Ndxf3 19. Qe2 Bxc3 20. Bxc3 Qxc3
21. Rfc1 Qxe5 22. Qb5+ Kd8 23. Rb2 Nd2 24. Qa5+ b6 25. Qxd2 Qe4+ 26. Kg1 Nf3+ 27. Kf2 Nxd2 28. Rxd2 Kd7 29. Rcd1 Rhc8 30. Kg3 Rc3+
31. Kf2 Qf4+ 32. Ke1 Re3+
0-1

[Event "Happy Oktoberfest"]
[Site "SchemingMind.com"]
[Date "2019.11.28"]
[Round "-"]
[White "The Stonewall"]
[Black "Mihir Chandrashekhar"]
[Result "1-0"]
[WhiteCountry "ENG"]
[BlackCountry "IND"]
[WhiteElo "2368"]
[WhiteRD "77"]
[BlackElo "1801"]
[BlackRD "52"]
[GameID "448581"]

1. e4 d6 2. d4 e5 3. c3 Nc6 4. Bb5 Nf6 5. Nf3 Bd7 6. Nbd2 exd4 7. cxd4 Be7 8. O-O O-O 9. Re1 a6 10. Bd3 Nb4
11. Bb1 c5 12. a3 Nc6 13. d5 Nd4 14. Nxd4 cxd4 15. h3 Ne8 16. Nf3
1-0

[Event "Happy Oktoberfest"]
[Site "SchemingMind.com"]
[Date "2019.11.26"]
[Round "-"]
[White "buddhastalin"]
[Black "Geoffrey Rosser"]
[Result "0-1"]
[WhiteCountry "USA"]
[BlackCountry "ENG"]
[WhiteElo "1702"]
[WhiteRD "71"]
[BlackElo "1977"]
[BlackRD "62"]
[GameID "448584"]

1. e4 e5 2. Nf3 Nc6 3. d4 exd4 4. Nxd4 Nf6 5. Nxc6 bxc6 6. e5 Qe7 7. Qe2 Nd5 8. c4 Ba6 9. b3 g6 10. f4 Bg7
11. Qf2 Nb6 12. Ba3 d6 13. Bd3 O-O 14. O-O f6 15. exd6 cxd6 16. Re1 Qc7 17. Bb2 f5 18. Bxg7 Qxg7 19. Na3 Nd7 20. Nc2 Nc5
21. Nb4 Bb7 22. Bc2 Qc3 23. a3 Nxb3 24. Bxb3 Qxb3 25. Re7 Rf7 26. Qh4 Qxc4 27. Rae1 Raf8 28. Rxf7 Rxf7 29. Re8+ Kg7
0-1

[Event "Happy Oktoberfest"]
[Site "SchemingMind.com"]
[Date "2019.11.27"]
[Round "-"]
[White "grabapawn"]
[Black "buddhastalin"]
[Result "0-1"]
[WhiteCountry "USA"]
[BlackCountry "USA"]
[WhiteElo "1507"]
[WhiteRD "63"]
[BlackElo "1702"]
[BlackRD "71"]
[GameID "448585"]

1. d4 Nf6 2. Bf4 e6 3. Nf3 b6 4. e3 Bb7 5. c3 Be7 6. Bd3 d5 7. Nbd2 Nbd7 8. h4 O-O 9. Bg5 h6 10. Ne5 Nxe5
11. dxe5 Nh7 12. Qh5 Nxg5 13. hxg5 Bxg5 14. f4 Be7 15. f5 exf5 16. Qxf5 g6 17. Qg4 Kg7 18. O-O-O c5 19. Nf3 Bc8 20. Qg3 Bb7
21. e6 g5 22. Qe5+ Bf6 23. Qh2 Rh8 24. exf7 Qe7 25. Qh5 Qxf7 26. Qxf7+ Kxf7 27. Rdf1 Ke7 28. Re1 Kd6 29. Rhf1 Rhf8 30. Nh2 d4
31. exd4 cxd4 32. Bf5 dxc3 33. Re6+ Kc7 34. Rd1 cxb2+ 35. Kb1 Bg7 36. Re7+ Kb8 37. Bg6 Bf6 38. Rh7 Rg8 39. Bf5 Rc8 40. Bxc8 Be4+
0-1

[Event "Happy Oktoberfest"]
[Site "SchemingMind.com"]
[Date "2019.11.27"]
[Round "-"]
[White "buddhastalin"]
[Black "The Stonewall"]
[Result "0-1"]
[WhiteCountry "USA"]
[BlackCountry "ENG"]
[WhiteElo "1702"]
[WhiteRD "71"]
[BlackElo "2384"]
[BlackRD "83"]
[GameID "448586"]

1. e4 e6 2. d4 d5 3. Nd2 Nc6 4. e5 Nxd4 5. Ngf3 Nc6 6. Bd3 Nge7 7. O-O Ng6 8. Re1 Be7 9. c3 O-O 10. Nf1 a5
11. Ne3 b6 12. Nf1 Ba6 13. Bxa6 Rxa6 14. Qd3 Ra8 15. Ne3 Ncxe5 16. Nxe5 Nxe5 17. Qe2 Bd6 18. f4 Nc6 19. Ng4 Ne7 20. Ne5 Nf5
21. g4 Bc5+ 22. Kh1 Nd6 23. Be3 Ne4 24. Qf3 Bxe3 25. Qxe3 Qe7 26. Nf3 c5 27. Rad1 Rad8 28. Ne5 Qh4 29. Rf1 f6 30. Rf3 fxe5
0-1

[Event "Happy Oktoberfest"]
[Site "SchemingMind.com"]
[Date "2019.12.01"]
[Round "-"]
[White "GBEDARD"]
[Black "buddhastalin"]
[Result "0-1"]
[WhiteCountry "USA"]
[BlackCountry "USA"]
[WhiteElo "1745"]
[WhiteRD "95"]
[BlackElo "1709"]
[BlackRD "75"]
[GameID "448587"]

1. e4 c5 2. Nf3 e6 3. d4 cxd4 4. Nxd4 Nc6 5. Nc3 Qc7 6. Be3 a6 7. f4 d6 8. a3 Nf6 9. Qf3 e5 10. Nde2 Be7
11. h3 exf4 12. Qxf4 Ne5 13. O-O-O b5 14. g4 Nc4 15. Bd4 Bb7 16. Ng3 O-O 17. Nf5 Ne5 18. Bg2 Ng6 19. Qd2 Ne5 20. Bxe5 dxe5
0-1

[Event "Happy Oktoberfest"]
[Site "SchemingMind.com"]
[Date "2019.11.26"]
[Round "-"]
[White "buddhastalin"]
[Black "Phillip Beckett"]
[Result "1-0"]
[WhiteCountry "USA"]
[BlackCountry "ENG"]
[WhiteElo "1702"]
[WhiteRD "71"]
[BlackElo "1546"]
[BlackRD "51"]
[GameID "448588"]

1. e4 e5 2. Nf3 Nc6 3. d4 exd4 4. Nxd4 Bc5 5. Be3 Qf6 6. c3 Nge7 7. Bc4 Nxd4 8. cxd4 Bb4+ 9. Nc3 d6 10. O-O O-O
11. f4 Ng6 12. e5 dxe5 13. dxe5 Qe7 14. Nd5 Qe6 15. f5 Qxe5 16. fxg6 hxg6 17. Bf4 Bc5+ 18. Kh1 Qd4 19. Qxd4 Bxd4 20. Ne7+ Kh7
21. Nxc8 Raxc8 22. Rf3 c6 23. Rh3+ Kg8 24. Rb1 b5 25. Be2 a6 26. b3 c5 27. Be3 Bxe3 28. Rxe3 c4 29. bxc4 bxc4 30. Rc3 Rfe8
31. Bxc4 Re4 32. Rbc1 a5 33. Bxf7+ Kxf7 34. Rxc8
1-0

[Event "Happy Oktoberfest"]
[Site "SchemingMind.com"]
[Date "2019.11.27"]
[Round "-"]
[White "JimM"]
[Black "buddhastalin"]
[Result "1-0"]
[WhiteCountry "USA"]
[BlackCountry "USA"]
[WhiteElo "1752"]
[WhiteRD "80"]
[BlackElo "1702"]
[BlackRD "71"]
[GameID "448589"]

1. e4 c5 2. Nf3 e6 3. d4 cxd4 4. Nxd4 Nc6 5. Nb5 d6 6. Bf4 e5 7. Be3 a6 8. N5c3 Nf6 9. Bc4 Be6 10. Nd5 Nxe4
11. Bb6 Nxf2 12. Bxf2
1-0

[Event "Happy Oktoberfest"]
[Site "SchemingMind.com"]
[Date "2019.11.28"]
[Round "-"]
[White "buddhastalin"]
[Black "Arnold Jones"]
[Result "1-0"]
[WhiteCountry "USA"]
[BlackCountry "ENG"]
[WhiteElo "1702"]
[WhiteRD "71"]
[BlackElo "1583"]
[BlackRD "68"]
[GameID "448590"]

1. e4 c5 2. c3 e6 3. d4 d5 4. e5 Nc6 5. Nf3 Nge7 6. Bd3 c4 7. Bc2 Ng6 8. O-O Be7 9. Re1 O-O 10. Nbd2 b5
11. Nf1 Bb7 12. Ng3 Nh4 13. Nxh4 Bxh4 14. Qh5 g6 15. Qf3 b4 16. Bh6 Re8 17. Nh5 g5 18. Nf6+ Kh8 19. Nxe8 Qxe8 20. Qf6+ Kg8
21. Qg7#
1-0

[Event "Happy Oktoberfest"]
[Site "SchemingMind.com"]
[Date "2019.11.27"]
[Round "-"]
[White "abuteague"]
[Black "buddhastalin"]
[Result "1/2-1/2"]
[WhiteCountry "USA"]
[BlackCountry "USA"]
[WhiteElo "1815"]
[WhiteRD "74"]
[BlackElo "1702"]
[BlackRD "71"]
[GameID "448591"]

1. d4 Nf6 2. Bg5 e6 3. e4 Be7 4. Nd2 c5 5. e5 Nd5 6. Bxe7 Qxe7 7. Ngf3 d6 8. Bb5+ Bd7 9. Bxd7+ Nxd7 10. exd6 Qxd6
11. O-O cxd4 12. Nxd4 a6 13. N2f3 Qb4 14. b3 O-O 15. c4 N5f6 16. h3 Rfd8 17. Qc2 h6 18. Rfd1 Rac8 19. Qe2 Qc5 20. Nc2 b5
21. Ne3 Ne5 22. Nxe5 Qxe5 23. Rxd8+ Rxd8 24. Re1 bxc4 25. Nxc4 Qxe2 26. Rxe2 Nd5 27. g3 Nc3 28. Rc2 Ne4 29. Kg2 Rc8 30. h4 Nd6
31. Kf3 Kf8 32. Ke2 Ke7 33. f3 Nf5 34. Kf2 Nd4 35. Rc1 Rc7=
1/2-1/2

[Event "Happy Oktoberfest"]
[Site "SchemingMind.com"]
[Date "2019.11.26"]
[Round "-"]
[White "buddhastalin"]
[Black "MichaelG"]
[Result "0-1"]
[WhiteCountry "USA"]
[BlackCountry "GER"]
[WhiteElo "1702"]
[WhiteRD "71"]
[BlackElo "1927"]
[BlackRD "84"]
[GameID "448592"]

1. e4 e6 2. d4 d5 3. Nd2 Nf6 4. e5 Nfd7 5. c3 c5 6. Ngf3 b6 7. Bd3 Ba6 8. Bxa6 Nxa6 9. Qe2 Nc7 10. O-O Be7
11. Re1 O-O 12. h3 cxd4 13. cxd4 f6 14. exf6 Nxf6 15. Ng5 Qd7 16. Nxe6 Nxe6 17. Qxe6+ Qxe6 18. Rxe6 Rae8 19. Nf3 Ne4 20. Be3 Bd6
21. Rxe8 Rxe8 22. Rc1 h6 23. Nh4 Ng3 24. Re1 Bb4 25. Rd1 Ne2+ 26. Kh1 Rc8 27. a3 Bd6 28. Rd2 Rc1+
0-1

[Event "Happy Oktoberfest"]
[Site "SchemingMind.com"]
[Date "2019.11.27"]
[Round "-"]
[White "kenneth m day"]
[Black "buddhastalin"]
[Result "1/2-1/2"]
[WhiteCountry "USA"]
[BlackCountry "USA"]
[WhiteElo "1746"]
[WhiteRD "53"]
[BlackElo "1702"]
[BlackRD "71"]
[GameID "448593"]

1. e4 c5 2. d4 cxd4 3. c3 d5 4. exd5 Qxd5 5. cxd4 Nc6 6. Nf3 Bg4 7. Nc3 Qd6 8. Be3 Nf6 9. Be2 e6 10. O-O Be7
11. h3 Bh5 12. Qd2 O-O 13. Rfd1 Rfd8 14. Rac1 a6 15. Bf4 Qd7 16. Qe3 Nb4 17. a3 Nbd5 18. Nxd5 Nxd5 19. Qe4 Nxf4 20. Qxf4 Bd6
21. Qe4 Bg6 22. Qe3 Rac8 23. Ne5 Qe7 24. Nxg6 hxg6 25. f4 Qf6 26. Qe4 Qxf4 27. Qxf4 Bxf4 28. Rxc8 Rxc8 29. Bf3 b5 30. Bb7 Rc2
31. b3 Rc3 32. Bxa6 Rxb3 33. d5 exd5 34. Rxd5 Rxa3 35. Bxb5=
1/2-1/2

[Event "Happy Oktoberfest"]
[Site "SchemingMind.com"]
[Date "2019.11.30"]
[Round "-"]
[White "buddhastalin"]
[Black "krzysztof"]
[Result "0-1"]
[WhiteCountry "USA"]
[BlackCountry "POL"]
[WhiteElo "1709"]
[WhiteRD "75"]
[BlackElo "1605"]
[BlackRD "73"]
[GameID "448594"]

1. e4 e6 2. d4 d6 3. Nc3 Nf6 4. Bd3 e5 5. Nf3 Bg4 6. dxe5 dxe5 7. Bg5 Nbd7 8. Nd5 Be6 9. Nxf6+ gxf6 10. Be3 Bg7
11. Qd2 h6 12. O-O-O Bxa2 13. b3 Bxb3 14. cxb3 c5 15. Bb5 O-O 16. Qxd7 Qxd7 17. Rxd7 a6 18. Bc4 b5 19. Bd5 Rfc8 20. Rxf7 c4
21. Rxf6+ Kh7 22. Rc6 Rxc6 23. Bxc6 Rc8 24. Bd5 cxb3+ 25. Kb2 a5 26. Bxb3 a4 27. Bd5 Bf6 28. Nd2 b4 29. Ra1 a3+ 30. Kb3 Be7
31. Nc4 Bf6 32. Na5 Be7 33. Nc6 Bd6 34. Bb6 Kg6 35. Ba5 Rf8 36. f3 Rf4 37. Bxb4 Bxb4 38. Kxb4 a2 39. Rxa2 h5 40. Nxe5+ Kf6
41. Nd3 Rh4 42. Ra6+ Kg5 43. h3 Rxh3 44. f4+ Kg4 45. Nf2+ Kg3 46. Nxh3 Kxg2
0-1

[Event "Happy Oktoberfest"]
[Site "SchemingMind.com"]
[Date "2019.12.01"]
[Round "-"]
[White "buddhastalin"]
[Black "DANDYLIONHONEYBADGER"]
[Result "0-1"]
[WhiteCountry "USA"]
[BlackCountry "USA"]
[WhiteElo "1683"]
[WhiteRD "84"]
[BlackElo "1396"]
[BlackRD "78"]
[GameID "448596"]

1. e4 Nc6 2. d4 e5 3. d5 Nd4 4. c3 Ne6 5. dxe6 dxe6 6. Qxd8+ Kxd8 7. Nf3 f6 8. Bc4 Bd7 9. O-O b5 10. Bb3 Bc5
11. Be3 Bxe3 12. fxe3 Nh6 13. h3 f5 14. Nxe5 Ke7 15. exf5 exf5 16. Nd2 Be6 17. Nc6+ Kd7 18. Bxe6+ Kxc6 19. Rad1 Rad8 20. Nf3 Kb6
21. Nd4 c5 22. Nxf5 Nxf5 23. Bxf5 g6 24. Rxd8 Rxd8 25. Bg4 h5 26. Bf3 a5 27. Rd1 Rxd1+ 28. Kh2 Rd2 29. Be4 Rxb2 30. Bxg6 Rxa2
31. Bxh5 Ra3 32. e4 Rxc3 33. g4 a4 34. g5 a3 35. g6 a2 36. g7 Rc2+
0-1

[Event "Happy Oktoberfest"]
[Site "SchemingMind.com"]
[Date "2019.12.01"]
[Round "-"]
[White "Mihir Chandrashekhar"]
[Black "buddhastalin"]
[Result "0-1"]
[WhiteCountry "IND"]
[BlackCountry "USA"]
[WhiteElo "1782"]
[WhiteRD "75"]
[BlackElo "1729"]
[BlackRD "80"]
[GameID "448597"]

1. g3 d5 2. Bg2 e5 3. c4 Nf6 4. cxd5 Nxd5 5. Nc3 Be6 6. a3 Be7 7. Qc2 Nc6 8. Nf3 Qd7 9. d3 O-O 10. O-O f5
11. Bg5 Rad8 12. Rac1 h6 13. Nxd5 Bxd5 14. Bxe7 Qxe7 15. b4 e4 16. dxe4 Bxe4 17. Qc4+ Kh8 18. Nh4 Ne5 19. Qxc7 Qxc7 20. Rxc7 Bxg2
21. Nxg2 Rd7 22. Rfc1 Rfd8 23. Ne3 Nc6 24. Rxd7 Rxd7 25. Nxf5 Rd2 26. e3 a6
0-1